[Event "Scarborough CC Spring/Summer U1800"]
[Site "Toronto CAN"]
[Date "2014.06.05"]
[Round "3"]
[White "Orsini, Mike"]
[Black "Qiao, Cindy"]
[Result "1-0"]
[WhiteElo "1484"]
[BlackElo "1380"]
[PlyCount "147"]
[EventDate "2014.05.22"]
[EventType "swiss"]
[EventRounds "6"]
[EventCountry "CAN"]

1. d4 d5 2. c4 c6 3. Nc3 Nf6 4. Qc2 e6 5. cxd5 cxd5 6. e4 dxe4 7. Nxe4 Nc6 8.
Bb5 Qa5+ 9. Nc3 Bd7 10. Bd2 Nxd4 11. Bxd7+ Nxd7 12. Qd3 Qe5+ 13. Nge2 Nc6 14.
O-O Bc5 15. Bf4 Qh5 16. Qb5 O-O 17. Qxb7 Nce5 18. Ng3 Qg4 19. Bc1 Rab8 20. Qe4
Qxe4 21. Ngxe4 Bd4 22. Rd1 Nc6 23. Be3 Bxe3 24. fxe3 Nde5 25. b3 Nb4 26. Rd6
Nc2 27. Rc1 Nxe3 28. Na4 Nd5 29. Ra6 Rb7 30. Nd6 Rd7 31. a3 Rb8 32. b4 h6 33.
Nc5 Rc7 34. Re1 Nd7 35. Nxd7 Rxd7 36. Rc1 Rb6 37. Rc6 Rxa6 38. Rxa6 Nb6 39. Nb5
Nc8 40. Rc6 Nb6 41. Nc3 Rd4 42. Nb5 Rd3 43. Nc3 Nd5 44. Rc8+ Kh7 45. Nxd5 Rxd5
46. Rc7 a6 47. Rxf7 Rd3 48. a4 Rd4 49. Rb7 Rf4 50. g3 Rf6 51. Rb6 e5 52. Rxf6
gxf6 53. b5 axb5 54. axb5 e4 55. b6 e3 56. b7 e2 57. Kf2 f5 58. b8=Q h5 59.
Kxe2 Kg6 60. Kf3 Kg5 61. h4+ Kg6 62. Kf4 Kf6 63. Qf8+ Ke6 64. Qxf5+ Kd6 65.
Qxh5 Ke6 66. Qf5+ Kd6 67. Qe5+ Kc6 68. h5 Kb7 69. h6 Kc6 70. h7 Kb6 71. Qc3 Ka6
72. Qb2 Ka5 73. h8=Q Ka6 74. Qa8# 1-0

[Event "Scarborough CC Spring/Summer U1800"]
[Site "Toronto CAN"]
[Date "2014.06.05"]
[Round "3"]
[White "Verde, Pino"]
[Black "Armstrong, Robert J"]
[Result "1-0"]
[WhiteElo "1617"]
[BlackElo "1657"]
[PlyCount "75"]
[EventDate "2014.05.22"]
[EventType "swiss"]
[EventRounds "6"]
[EventCountry "CAN"]

1. e4 g6 2. d4 Bg7 3. Nf3 d6 4. Bc4 Nf6 5. Qe2 O-O 6. c3 Nc6 7. O-O e5 8. Rd1
exd4 9. cxd4 Qe7 10. Nc3 Bg4 11. h3 Bxf3 12. Qxf3 a6 13. a4 Na5 14. Ba2 Nc6 15.
Be3 Rae8 16. Bb1 Na5 17. Bd3 Nd7 18. Nd5 Qd8 19. b4 Nb3 20. Rab1 Nxd4 21. Bxd4
Bxd4 22. Bxa6 Bxf2+ 23. Qxf2 bxa6 24. Rbc1 f5 25. exf5 Rxf5 26. Qa2 Kh8 27.
Nxc7 Ree5 28. Rxd6 Qg5 29. Qb2 Qe3+ 30. Kh1 Rf2 31. Ne6 h5 32. Rxd7 Qe1+ 33.
Rxe1 Rxb2 34. Rxe5 Rf2 35. Nf4 Rf1+ 36. Kh2 Rh1+ 37. Kxh1 h4 38. Re8# 1-0

[Event "Scarborough CC Spring/Summer U1800"]
[Site "Toronto CAN"]
[Date "2014.06.19"]
[Round "5"]
[White "Armstrong, Robert J"]
[Black "Aghamalian, Derick"]
[Result "1-0"]
[WhiteElo "1657"]
[BlackElo "1686"]
[PlyCount "45"]
[EventDate "2014.05.22"]
[EventType "swiss"]
[EventRounds "6"]
[EventCountry "CAN"]

1. d4 Nf6 2. c4 g6 3. Nc3 Bg7 4. e4 d6 5. f3 O-O 6. Be3 Nbd7 7. Nge2 c5 8. g4
cxd4 9. Nxd4 Ne8 10. h4 e6 11. Qd2 Bxd4 12. Bxd4 Nb8 13. Be3 f5 14. h5 Qf6 15.
Bg5 Qf7 16. hxg6 hxg6 17. Qh2 Qd7 18. Qh8+ Kf7 19. Rh7+ Ng7 20. Qxg7+ Ke8 21.
Qxg6+ Qf7 22. Rxf7 Rxf7 23. O-O-O 1-0

[Event "Scarborough CC Winter Swiss"]
[Site "Toronto CAN"]
[Date "2014.02.13"]
[Round "1"]
[White "Li, Sean"]
[Black "Shah, Omar"]
[Result "1-0"]
[WhiteElo "1764"]
[BlackElo "2000"]
[PlyCount "107"]
[EventDate "2014.02.13"]
[EventType "swiss"]
[EventRounds "6"]
[EventCountry "CAN"]

1. Nf3 Nf6 2. d4 e6 3. e3 b6 4. Bd3 Bb7 5. Nbd2 c5 6. b3 cxd4 7. exd4 Be7 8.
Bb2 O-O 9. O-O a6 10. Ng5 g6 11. a3 Nd5 12. Nh3 f5 13. c4 Nf6 14. Qe2 Bd6 15.
f3 Qc7 16. g3 a5 17. Rac1 Nc6 18. f4 Rae8 19. Ng5 Nd8 20. Ngf3 Nf7 21. Rfe1 Ba8
22. Qd1 Nh6 23. Bf1 Nhg4 24. Bg2 Ne4 25. Nxe4 Bxe4 26. Ne5 Bxg2 27. Kxg2 Nf6
28. Qd3 Qb7+ 29. Qf3 Qxf3+ 30. Nxf3 Rc8 31. Nd2 Kf7 32. Kf3 Rc7 33. h3 h5 34.
Rc3 Rh8 35. h4 Rhc8 36. Rec1 Be7 37. R1c2 d6 38. Rc1 Nd7 39. Nf1 Bf6 40. R3c2
b5 41. Ne3 bxc4 42. Nxc4 Ke7 43. a4 Nb8 44. Ba3 Rc6 45. Nxd6 Rxc2 46. Nxc8+ Kd7
47. Rxc2 Nc6 48. Rxc6 Kxc6 49. Na7+ Kd5 50. Nb5 Bxd4 51. Nxd4 Kxd4 52. b4 axb4
53. Bxb4 e5 54. Bc3+ 1-0

[Event "Scarborough CC Winter Swiss"]
[Site "Toronto CAN"]
[Date "2014.02.27"]
[Round "3"]
[White "Zhao, Yanchun"]
[Black "Shah, Omar"]
[Result "0-1"]
[WhiteElo "1731"]
[BlackElo "2000"]
[PlyCount "106"]
[EventDate "2014.02.13"]
[EventType "swiss"]
[EventRounds "6"]
[EventCountry "CAN"]

1. d4 Nf6 2. Nf3 b6 3. Nbd2 Bb7 4. e3 e6 5. Bd3 c5 6. O-O Be7 7. Qe2 a6 8. Re1
cxd4 9. exd4 O-O 10. c4 d6 11. Ne4 Bxe4 12. Bxe4 Nxe4 13. Qxe4 Nd7 14. d5 e5
15. b3 f5 16. Qe2 Rf7 17. Rd1 a5 18. Be3 g5 19. h3 Rg7 20. Nh2 Qe8 21. Kh1 h5
22. f3 Qg6 23. Qf2 Rb8 24. a4 Nc5 25. Qc2 Qf7 26. Rab1 Na6 27. Qf2 Bd8 28. Nf1
Rb7 29. Bd2 g4 30. fxg4 hxg4 31. Ng3 Bh4 32. Qxf5 Bxg3 33. Qc8+ Kh7 34. Rf1 Qg6
35. Rbd1 Rb8 36. Qf5 gxh3 37. gxh3 Nc5 38. Bc1 Ne4 39. Qxg6+ Rxg6 40. Kg2 Bf4+
41. Kf3 Ng5+ 42. Ke2 Bxc1 43. Rxc1 Kg7 44. h4 Nh3 45. Rh1 Rg3 46. Rcf1 Rf8 47.
h5 Rxf1 48. Kxf1 Kh6 49. Rh2 Rxb3 50. Rc2 Rf3+ 51. Kg2 Rf2+ 52. Rxf2 Nxf2 53.
Kxf2 Kxh5 0-1

[Event "Scarborough CC Winter Swiss"]
[Site "Toronto CAN"]
[Date "2014.03.06"]
[Round "4"]
[White "Shah, Omar"]
[Black "Alganabi, Haqi"]
[Result "1-0"]
[WhiteElo "2000"]
[BlackElo "1897"]
[PlyCount "75"]
[EventDate "2014.02.13"]
[EventType "swiss"]
[EventRounds "6"]
[EventCountry "CAN"]

1. Nf3 d5 2. b3 c5 3. Bb2 Nc6 4. e3 Bg4 5. Be2 e6 6. O-O Nf6 7. Ne5 Bxe2 8.
Qxe2 Rc8 9. f4 Be7 10. d3 a6 11. Nd2 b5 12. Ndf3 h6 13. Nxc6 Rxc6 14. Ne5 Rc8
15. f5 Qb6 16. Ng4 d4 17. e4 Nxg4 18. Qxg4 Bf6 19. a4 e5 20. axb5 axb5 21. Ra2
b4 22. Rfa1 Ke7 23. Ra6 Qb8 24. Bc1 Rc7 25. h4 Rhc8 26. Bg5 hxg5 27. hxg5 Rc6
28. Ra7+ R6c7 29. R7a6 Rc6 30. gxf6+ gxf6 31. Qg7 Qd6 32. Ra7+ R6c7 33. R1a6
Rxa7 34. Rxa7+ Rc7 35. Ra8 Qb6 36. Qf8+ Kd7 37. Qe8+ Kd6 38. Rd8+ 1-0

[Event "Scarborough CC Winter Swiss"]
[Site "Toronto CAN"]
[Date "2014.03.13"]
[Round "5"]
[White "Southam, David"]
[Black "Shah, Omar"]
[Result "1/2-1/2"]
[WhiteElo "2221"]
[BlackElo "2000"]
[PlyCount "34"]
[EventDate "2014.02.13"]
[EventType "swiss"]
[EventRounds "6"]
[EventCountry "CAN"]

1. d4 Nf6 2. Nf3 b6 3. e3 Bb7 4. Bd3 e6 5. Nbd2 c5 6. O-O cxd4 7. exd4 Be7 8.
c3 O-O 9. Qe2 d6 10. b3 a6 11. Bb2 Nbd7 12. Rad1 b5 13. Rfe1 Re8 14. c4 bxc4
15. bxc4 Qa5 16. Bb1 Rab8 17. Nb3 Qh5 1/2-1/2

[Event "Scarborough CC Winter Swiss U1400"]
[Site "Toronto CAN"]
[Date "2014.02.13"]
[Round "1"]
[White "Pishdad, Hassan"]
[Black "Jeyakumar, Yathushan"]
[Result "1-0"]
[WhiteElo "1075"]
[BlackElo "760"]
[PlyCount "101"]
[EventDate "2014.02.13"]
[EventType "swiss"]
[EventRounds "6"]
[EventCountry "CAN"]

1. d4 Nf6 2. c4 e6 3. Nc3 d5 4. e3 c5 5. Nf3 Nc6 6. cxd5 exd5 7. Bb5 Bd7 8.
Bxc6 Bxc6 9. O-O Ne4 10. Ne5 Qc7 11. Qg4 f6 12. Qh5+ g6 13. Nxg6 Qf7 14. Nxe4
dxe4 15. dxc5 Qxg6 16. Qxg6+ hxg6 17. b4 O-O-O 18. Bb2 Bg7 19. Bd4 Bb5 20. Rfc1
Rhf8 21. a4 Bc6 22. b5 Bd5 23. a5 Kc7 24. b6+ axb6 25. cxb6+ Kb8 26. Rc7 Bh6
27. Bc5 Rfe8 28. Be7 Rc8 29. Rxc8+ Rxc8 30. Bxf6 Rf8 31. Be5+ Kc8 32. a6 Bc6
33. a7 Kd7 34. a8=Q Rxa8 35. Rxa8 Ke6 36. Bd4 g5 37. Rh8 Kf5 38. Rxh6 g4 39. g3
Kg5 40. Rxc6 bxc6 41. b7 c5 42. Bxc5 Kf5 43. b8=Q Kg5 44. Qf4+ Kg6 45. Kg2 Kh5
46. h4 gxh3+ 47. Kxh3 Kg6 48. Kh4 Kg7 49. Bd4+ Kh7 50. Qf6 Kg8 51. Qg7# 1-0

[Event "Scarborough CC Winter Swiss U1400"]
[Site "Toronto CAN"]
[Date "2014.03.06"]
[Round "4"]
[White "Chan, Ben"]
[Black "Kong, Boyuan"]
[Result "1-0"]
[WhiteElo "1111"]
[BlackElo "1060"]
[PlyCount "97"]
[EventDate "2014.02.13"]
[EventType "swiss"]
[EventRounds "6"]
[EventCountry "CAN"]

1. e4 e6 2. d4 d5 3. exd5 exd5 4. Nf3 c5 5. Qe2+ Qe7 6. dxc5 Qxe2+ 7. Bxe2 Bxc5
8. Nc3 Nf6 9. Nb5 Bb6 10. Nd6+ Ke7 11. Nxc8+ Rxc8 12. c3 Nbd7 13. O-O Re8 14.
Re1 Ng4 15. Nd4 Nge5 16. Bb5 Rad8 17. f4 Kf8 18. fxe5 a6 19. Bxd7 Rxd7 20. Bf4
f6 21. exf6 Rxe1+ 22. Rxe1 gxf6 23. Re6 Bxd4+ 24. cxd4 Kf7 25. Re2 Rd8 26. Kf2
Rc8 27. Bd6 Re8 28. Rxe8 Kxe8 29. Kf3 Kd7 30. Bf8 h5 31. Kf4 Ke8 32. Bb4 Kf7
33. Kf5 b6 34. Be1 Ke7 35. Bh4 Kd7 36. Bxf6 Kc6 37. g4 hxg4 38. Kxg4 Kb5 39. h4
Kc4 40. h5 Kd3 41. h6 Kc2 42. h7 Kxb2 43. h8=Q Kxa2 44. Qb8 b5 45. Qb6 Kb3 46.
Qxa6 b4 47. Be7 Kc3 48. Bxb4+ Kxb4 49. Qc6 1-0

[Event "Scarborough CC Winter Swiss U1600"]
[Site "Toronto CAN"]
[Date "2014.03.06"]
[Round "4"]
[White "Kurkowski, Ken"]
[Black "Orsini, Mike"]
[Result "1-0"]
[WhiteElo "1454"]
[BlackElo "1460"]
[PlyCount "47"]
[EventDate "2014.02.13"]
[EventType "swiss"]
[EventRounds "6"]
[EventCountry "CAN"]

1. d4 Nf6 2. c4 d6 3. Nc3 g6 4. e4 Bg7 5. Be2 O-O 6. Bg5 h6 7. Be3 c6 8. Qd2
Kh7 9. h3 Nbd7 10. Nf3 b6 11. O-O Bb7 12. Rad1 c5 13. d5 a6 14. a4 Qc7 15. Bf4
Nh5 16. Bh2 Rad8 17. Nh4 Bd4 18. Bxh5 gxh5 19. Nf5 Bg7 20. Bf4 Ne5 21. b3 Bf6
22. Bxe5 dxe5 23. Qxh6+ Kg8 24. Rd3 1-0

[Event "Scarborough CC Winter Swiss U1600"]
[Site "Toronto CAN"]
[Date "2014.03.20"]
[Round "6"]
[White "Radpey, Abdolreza"]
[Black "Kurkowski, Ken"]
[Result "0-1"]
[WhiteElo "1360"]
[BlackElo "1454"]
[PlyCount "100"]
[EventDate "2014.02.13"]
[EventType "swiss"]
[EventRounds "6"]
[EventCountry "CAN"]

1. Nf3 e6 2. d4 c5 3. c3 Nc6 4. e4 d5 5. e5 Qb6 6. Qb3 Qxb3 7. axb3 cxd4 8. Bb5
Bd7 9. Bxc6 Bxc6 10. Nxd4 Ne7 11. Nd2 Ng6 12. N2f3 Be7 13. Nxc6 bxc6 14. Ra6 c5
15. O-O O-O 16. Bd2 Rfb8 17. h4 Nxh4 18. Nxh4 Bxh4 19. Ra3 Be7 20. f4 c4 21. b4
a5 22. Rfa1 Bd8 23. Be3 Rb5 24. Bc5 Rab8 25. b3 axb4 26. Bxb4 cxb3 27. Rxb3 Be7
28. Rba3 Bxb4 29. cxb4 Rxb4 30. Ra8 g6 31. Rxb8+ Rxb8 32. Ra4 h5 33. Kf2 Rb3
34. Rd4 Kg7 35. g3 f6 36. Kg2 fxe5 37. fxe5 Re3 38. g4 hxg4 39. Rxg4 Rxe5 40.
Kf3 Kf6 41. Rh4 g5 42. Rh6+ Kf5 43. Rh8 Re4 44. Rf8+ Ke5 45. Kg3 d4 46. Ra8 g4
47. Ra5+ Kf6 48. Kf2 d3 49. Ra3 Rd4 50. Ra1 d2 0-1

[Event "Scarborough CC Winter Swiss U1800"]
[Site "Toronto CAN"]
[Date "2014.02.13"]
[Round "1"]
[White "Lin, Benjamin"]
[Black "Armstrong, Robert J"]
[Result "1-0"]
[WhiteElo "1649"]
[BlackElo "1524"]
[PlyCount "44"]
[EventDate "2014.02.13"]
[EventType "swiss"]
[EventRounds "6"]
[EventCountry "CAN"]

1. c4 f5 2. g3 Nf6 3. d4 e6 4. Bg2 Be7 5. Nh3 O-O 6. O-O Nc6 7. Nc3 d6 8. Nf4
e5 9. dxe5 dxe5 10. Nfd5 Nd4 11. Be3 Ne6 12. Nxe7+ Qxe7 13. Nd5 Qf7 14. Qb3 c6
15. Nxf6+ Qxf6 16. c5 f4 17. Bd2 Kh8 18. Qc4 Nd4 19. gxf4 exf4 20. Bc3 Qg6 21.
Qxd4 Bg4 22. f3 Rf5 1-0

[Event "Scarborough CC Winter Swiss U1800"]
[Site "Toronto CAN"]
[Date "2014.02.20"]
[Round "2"]
[White "Bellomo, Joe"]
[Black "Armstrong, Robert J"]
[Result "0-1"]
[WhiteElo "1605"]
[BlackElo "1672"]
[PlyCount "42"]
[EventDate "2014.02.13"]
[EventType "swiss"]
[EventRounds "6"]
[EventCountry "CAN"]

1. e4 g6 2. Nf3 Bg7 3. d4 d6 4. Nc3 Nf6 5. Be2 O-O 6. O-O Nc6 7. Re1 e5 8. d5
Ne7 9. h3 Nd7 10. Be3 h6 11. Qd2 Kh7 12. Nh2 f5 13. f3 f4 14. Bf2 g5 15. Ng4 h5
16. Nh2 a6 17. b4 b5 18. Rab1 Qe8 19. g4 hxg4 20. hxg4 Bh6 21. Qd3 Rh8 0-1

[Event "Scarborough CC Winter Swiss U1800"]
[Site "Toronto CAN"]
[Date "2014.02.27"]
[Round "3"]
[White "Armstrong, Robert J"]
[Black "Li, Kristen"]
[Result "1/2-1/2"]
[WhiteElo "1618"]
[BlackElo "1587"]
[PlyCount "134"]
[EventDate "2014.02.13"]
[EventType "swiss"]
[EventRounds "6"]
[EventCountry "CAN"]

1. g3 e5 2. Bg2 d5 3. c4 d4 4. Qb3 c6 5. d3 Nf6 6. Nd2 Nbd7 7. Ngf3 Bd6 8. Ng5
Nc5 9. Qc2 a5 10. Nge4 Nfxe4 11. Nxe4 Nxe4 12. Bxe4 Qe7 13. O-O O-O 14. a4 f5
15. Bg2 f4 16. Bd2 Qf7 17. c5 Bc7 18. b4 axb4 19. Bxb4 Qh5 20. Bd2 Rf6 21. Bf3
Qg5 22. Kg2 Rg6 23. Rg1 Qf5 24. Kh1 Rh6 25. g4 Qg5 26. Rg2 Rb8 27. Rag1 Be6 28.
Qc1 Bd5 29. Bxd5+ cxd5 30. f3 Qh4 31. Be1 Qh3 32. Qb1 Rc6 33. Bb4 Qh6 34. Qb3
Qe6 35. Ba3 b6 36. cxb6 Rcxb6 37. Qc2 Rc6 38. Qd2 Ra8 39. Rb1 Rxa4 40. Bc1 e4
41. Rg1 e3 42. Qd1 Ra2 43. Rb2 Ra1 44. Rc2 Rxc2 45. Qxc2 Ra7 46. Bb2 Qb6 47.
Rc1 Kf7 48. Kg2 Bd6 49. Ba1 Rc7 50. Qb2 Qxb2 51. Bxb2 Rxc1 52. Bxc1 Kg6 53. Bb2
Be5 54. h4 h6 55. Ba3 Kf6 56. Bc5 Ke6 57. Bf8 Bf6 58. Kh3 Kf7 59. Bc5 g5 60. h5
Bg7 61. Kg2 Ke6 62. Kf1 Kd7 63. Ke1 Kc6 64. Be7 Kb5 65. Kd1 Kc6 66. Kc2 Kb5 67.
Kb3 Ka5 1/2-1/2

[Event "Scarborough CC-ch"]
[Site "Toronto CAN"]
[Date "2014.03.27"]
[Round "1"]
[White "Pishdad, Hassan"]
[Black "Jeykumar, Yathushan"]
[Result "1-0"]
[WhiteElo "1188"]
[BlackElo "856"]
[PlyCount "63"]
[EventDate "2014.03.27"]
[EventType "swiss"]
[EventRounds "8"]
[EventCountry "CAN"]

1. d4 Nf6 2. c4 e6 3. Nf3 d5 4. Bg5 Bb4+ 5. Bd2 Bxd2+ 6. Nbxd2 Nc6 7. e3 Bd7 8.
cxd5 exd5 9. Be2 Bf5 10. O-O O-O 11. Qb3 Na5 12. Qc3 Ne4 13. Qxa5 Nxd2 14. Nxd2
b6 15. Qc3 Rc8 16. Ba6 Rb8 17. Rac1 Qg5 18. Kh1 Qe7 19. Qxc7 Qxc7 20. Rxc7 Ra8
21. Bb7 Rab8 22. Bxd5 a5 23. e4 Bg6 24. Nf3 Rfe8 25. Rfc1 h6 26. Ne5 Kf8 27.
Nxg6+ fxg6 28. Rf7+ Kg8 29. Rcc7 Rxe4 30. Rxg7+ Kf8 31. Rcf7+ Ke8 32. Rg8# 1-0

[Event "Scarborough CC-ch"]
[Site "Toronto CAN"]
[Date "2014.03.27"]
[Round "1"]
[White "Zotkin, Daniel"]
[Black "Armstrong, Robert J"]
[Result "1-0"]
[WhiteElo "1900"]
[BlackElo "1658"]
[PlyCount "99"]
[EventDate "2014.03.27"]
[EventType "swiss"]
[EventRounds "8"]
[EventCountry "CAN"]

1. e4 g6 2. d4 Bg7 3. Nc3 d6 4. Be3 Nf6 5. f3 O-O 6. Qd2 Nc6 7. O-O-O e5 8. d5
Ne7 9. Bh6 Nd7 10. h4 f5 11. Bxg7 Kxg7 12. h5 f4 13. hxg6 Nxg6 14. Nge2 Rh8 15.
g3 Qf6 16. gxf4 Nxf4 17. Nb5 Nc5 18. Nxf4 exf4 19. Nxc7 Rb8 20. Bb5 Kf7 21. Ne8
Qe5 22. Rh6 Ke7 23. Qh2 Kd8 24. Qh4+ Qe7 25. Rxd6+ Bd7 26. Qxe7+ Kxe7 27. Bxd7
Rhxe8 28. Bxe8 Kxd6 29. Bh5 Rg8 30. Rh1 Rg7 31. b4 Nd7 32. Rh4 Ke5 33. c4 Nf6
34. c5 Rg5 35. Bg4 h5 36. Bc8 b6 37. c6 Rg7 38. Bd7 Nxd7 39. cxd7 Rxd7 40.
Rxh5+ Kd4 41. Kd2 Rg7 42. Rh2 Rg3 43. Rf2 Kc4 44. a3 b5 45. Ke1 Rg1+ 46. Ke2
Rg3 47. Kf1 Kd3 48. d6 Rg7 49. e5 Rh7 50. e6 1-0

[Event "Scarborough CC-ch"]
[Site "Toronto CAN"]
[Date "2014.04.03"]
[Round "2"]
[White "Armstrong, Robert J"]
[Black "Pishdad, Hassan"]
[Result "1/2-1/2"]
[WhiteElo "1603"]
[BlackElo "1188"]
[PlyCount "87"]
[EventDate "2014.03.27"]
[EventType "swiss"]
[EventRounds "8"]
[EventCountry "CAN"]

1. d4 Nf6 2. c4 e6 3. Nf3 d5 4. e3 Nc6 5. Nc3 Be7 6. Bd3 dxc4 7. Bxc4 O-O 8.
O-O b6 9. b3 Bb7 10. Bb2 a6 11. a4 Nb4 12. Rc1 Nfd5 13. Bxd5 Nxd5 14. Qe2 a5
15. Ne5 Bf6 16. Rfd1 Bxe5 17. dxe5 Qg5 18. Nxd5 Bxd5 19. Rxd5 exd5 20. Rxc7 Qf5
21. h3 Rac8 22. Rxc8 Rxc8 23. Qf1 Qc2 24. Bd4 Qxb3 25. Qa6 Qc4 26. Qxb6 Qxa4
27. e6 Qc6 28. exf7+ Kxf7 29. Qxa5 Qc1+ 30. Kh2 Qc7+ 31. Qxc7+ Rxc7 32. f4 g6
33. g4 h5 34. Kg3 hxg4 35. hxg4 Rc6 36. Kh4 Re6 37. Kg5 Rc6 38. f5 gxf5 39.
gxf5 Rc1 40. Kf4 Rf1+ 41. Ke5 Rf3 42. Bc5 Rf1 43. Bb6 Rf3 44. Bd4 1/2-1/2

[Event "Scarborough CC-ch"]
[Site "Toronto CAN"]
[Date "2014.04.10"]
[Round "3"]
[White "Chan, Ben"]
[Black "Armstrong, Robert J"]
[Result "0-1"]
[WhiteElo "1182"]
[BlackElo "1603"]
[PlyCount "88"]
[EventDate "2014.03.27"]
[EventType "swiss"]
[EventRounds "8"]
[EventCountry "CAN"]

1. e4 g6 2. d4 Bg7 3. Nf3 d6 4. Nc3 Nf6 5. Be3 O-O 6. Qd2 a6 7. Bh6 b5 8. h4
Bxh6 9. Qxh6 b4 10. Nd5 Ng4 11. Qg5 f6 12. Qf4 e5 13. Qg3 a5 14. h5 g5 15. Bc4
Kh8 16. Ne3 Nxe3 17. fxe3 Qe7 18. O-O h6 19. Rf2 Bb7 20. Qg4 Bc8 21. Qg3 Be6
22. Bxe6 Qxe6 23. d5 Qd7 24. Raf1 Qg7 25. Nh2 Nd7 26. Ng4 Rf7 27. Rf3 Raf8 28.
Qf2 Kh7 29. a3 Qh8 30. Qd2 bxa3 31. bxa3 Nc5 32. Qxa5 Nxe4 33. a4 Nc5 34. Qb4
f5 35. Nf2 e4 36. Rh3 Rb8 37. Qa3 Ra8 38. Qb4 Rxa4 39. Qb5 Qc3 40. Qe2 Ra2 41.
Rc1 Nb3 42. Rf1 Rxc2 43. Qd1 Qc4 44. Nh1 Rc1 0-1

[Event "Scarborough CC-ch"]
[Site "Toronto CAN"]
[Date "2014.04.17"]
[Round "4"]
[White "Armstrong, Robert J"]
[Black "Liu, Sam"]
[Result "1-0"]
[WhiteElo "1603"]
[BlackElo "1273"]
[PlyCount "77"]
[EventDate "2014.03.27"]
[EventType "swiss"]
[EventRounds "8"]
[EventCountry "CAN"]

1. d4 Nf6 2. c4 e6 3. Nf3 d5 4. Nc3 c6 5. Bg5 Nbd7 6. e3 Bd6 7. Bd3 h6 8. Bh4
O-O 9. O-O Re8 10. e4 dxe4 11. Nxe4 Be7 12. Qc2 Nxe4 13. Bxe7 Qxe7 14. Bxe4 Nf6
15. Bd3 c5 16. Rfe1 cxd4 17. Nxd4 a6 18. c5 Bd7 19. Nf5 Qf8 20. Nd6 Reb8 21. b4
Ne8 22. Nxb7 Rxb7 23. Bh7+ Kh8 24. Be4 Rbb8 25. Bxa8 Rxa8 26. c6 Bc8 27. Rab1
Nd6 28. Red1 e5 29. Qc5 Bf5 30. Rb2 Nb5 31. Qxe5 Be6 32. a4 Na3 33. Qd4 Nc4 34.
Rc2 Qxb4 35. c7 Kh7 36. Qe4+ g6 37. Qxa8 Nb6 38. Qe8 Bb3 39. Rcd2 1-0

[Event "Scarborough CC-ch"]
[Site "Toronto CAN"]
[Date "2014.04.24"]
[Round "5"]
[White "Aahil, Noorali"]
[Black "Pishdad, Hassan"]
[Result "1-0"]
[WhiteElo "1718"]
[BlackElo "1139"]
[PlyCount "105"]
[EventDate "2014.03.27"]
[EventType "swiss"]
[EventRounds "8"]
[EventCountry "CAN"]

1. e4 c5 2. Nf3 e6 3. c3 d5 4. e5 Nc6 5. d4 c4 6. Be2 g6 7. O-O Bg7 8. Na3 a6
9. Nc2 Nge7 10. Bg5 h6 11. Bd2 O-O 12. Ne3 f5 13. exf6 Rxf6 14. Ng4 Nf5 15.
Nxf6+ Qxf6 16. Be3 g5 17. h3 Bd7 18. Nh2 Be8 19. Bg4 Bg6 20. Qf3 Rf8 21. Bxf5
Qe7 22. Bxe6+ Qxe6 23. Qd1 Be4 24. Re1 Qf5 25. Qg4 Qg6 26. f3 Bf5 27. Qg3 Rf7
28. Ng4 Bf8 29. Ne5 Nxe5 30. dxe5 Qe6 31. Bd4 Kh7 32. Qf2 Be4 33. Qe2 Bd3 34.
Qe3 Rf4 35. b3 b5 36. bxc4 Bxc4 37. Qd2 Bg7 38. Qc2+ Kh8 39. a4 Rf5 40. axb5
axb5 41. Ra8+ Rf8 42. Rxf8+ Bxf8 43. Ra1 Kg8 44. g4 Qf7 45. Qf5 Qxf5 46. gxf5
Bd3 47. f6 Bf5 48. Ra8 Kf7 49. Ra7+ Ke6 50. Ra5 Bd3 51. Ra6+ Kf7 52. e6+ Kg8
53. Ra8 1-0

[Event "Scarborough CC-ch"]
[Site "Toronto CAN"]
[Date "2014.05.01"]
[Round "6"]
[White "Armstrong, Robert J"]
[Black "Thanabalachandran, Kajan"]
[Result "1/2-1/2"]
[WhiteElo "1603"]
[BlackElo "1817"]
[PlyCount "79"]
[EventDate "2014.03.27"]
[EventType "swiss"]
[EventRounds "8"]
[EventCountry "CAN"]

1. d4 Nf6 2. c4 e6 3. Nf3 d5 4. e3 Be7 5. Nc3 c6 6. Bd3 O-O 7. O-O Nbd7 8. b3
b6 9. Bb2 Bb7 10. e4 dxe4 11. Nxe4 c5 12. Qe2 Nxe4 13. Bxe4 Bxe4 14. Qxe4 cxd4
15. Rad1 Bf6 16. Nxd4 Nc5 17. Qg4 Qc8 18. Rfe1 Rd8 19. Qg3 Qd7 20. Qg4 Nd3 21.
Rxd3 e5 22. Qd1 exd4 23. Re2 Rac8 24. Red2 Rc6 25. g3 Rd6 26. b4 Qc7 27. Qb3
Qe7 28. Qd1 Re6 29. Qf3 Qxb4 30. Bxd4 Red6 31. Qd1 Qxc4 32. Bxf6 Qxd3 33. Rxd3
Rxd3 34. Qg4 g6 35. Bxd8 Rxd8 36. Qa4 a5 37. Qc6 Rd1+ 38. Kg2 Rb1 39. Qe4 Rb4
40. Qe8+ 1/2-1/2

[Event "Scarborough CC-ch"]
[Site "Toronto CAN"]
[Date "2014.05.01"]
[Round "6"]
[White "Pishdad, Hassan"]
[Black "Washimkar, Arhant"]
[Result "1-0"]
[WhiteElo "1139"]
[BlackElo "1469"]
[PlyCount "103"]
[EventDate "2014.03.27"]
[EventType "swiss"]
[EventRounds "8"]
[EventCountry "CAN"]

1. d4 Nf6 2. c4 g6 3. Nc3 Bg7 4. e4 d6 5. Be2 O-O 6. Nf3 e5 7. d5 a5 8. a4 Nbd7
9. O-O Nc5 10. Qc2 Nh5 11. Be3 f5 12. Bxc5 dxc5 13. g3 f4 14. Nb5 Bg4 15. Rad1
fxg3 16. fxg3 Ra6 17. Qd2 Bxf3 18. Bxf3 c6 19. dxc6 Qxd2 20. Rxd2 Rxc6 21. Bxh5
Rxf1+ 22. Kxf1 gxh5 23. Kg2 Kf8 24. Nc3 Bh6 25. Rf2+ Kg7 26. Nd5 Bc1 27. b3 Rh6
28. Ne7 Rb6 29. Rf3 Rf6 30. Nf5+ Kh8 31. Kh3 Bg5 32. Kg2 Kg8 33. h4 Bc1 34. Rd3
Kf8 35. Rd8+ Kf7 36. Rd7+ Kg8 37. Rxb7 Ba3 38. Rg7+ Kh8 39. Re7 Kg8 40. Rxe5
Rb6 41. Re8+ Kf7 42. Re7+ Kg8 43. e5 Bb2 44. e6 Kf8 45. Rf7+ Kg8 46. Nh6+ Kh8
47. e7 Re6 48. Rf8+ Kg7 49. e8=Q Rxe8 50. Rxe8 Kxh6 51. Re6+ Kg7 52. Kf3 1-0

[Event "Scarborough CC-ch"]
[Site "Toronto CAN"]
[Date "2014.05.08"]
[Round "7"]
[White "Alganabi, Haqi"]
[Black "Liang, Hairan"]
[Result "1-0"]
[WhiteElo "1911"]
[BlackElo "1867"]
[PlyCount "55"]
[EventDate "2014.03.27"]
[EventType "swiss"]
[EventRounds "8"]
[EventCountry "CAN"]

1. e4 c5 2. Nf3 Nc6 3. c4 g6 4. d4 cxd4 5. Nxd4 Bg7 6. Be3 Nf6 7. Nc3 Ng4 8.
Qxg4 Nxd4 9. Qd1 Ne6 10. Be2 b6 11. f4 Bb7 12. Rc1 Bxc3+ 13. Rxc3 Bxe4 14. Bf3
Bxf3 15. Qxf3 f5 16. O-O O-O 17. Rd1 Qc7 18. h4 h5 19. Qd5 Rfd8 20. c5 bxc5 21.
Bxc5 Qxf4 22. Bxe7 Re8 23. Qxd7 Nf8 24. Qd5+ Kg7 25. Bg5 Qb8 26. Rb3 Re5 27.
Rb7+ Qxb7 28. Qxb7+ 1-0

[Event "Scarborough CC-ch"]
[Site "Toronto CAN"]
[Date "2014.05.08"]
[Round "7"]
[White "Bellomo, Joe"]
[Black "Pishdad, Hassan"]
[Result "1-0"]
[WhiteElo "1592"]
[BlackElo "1139"]
[PlyCount "45"]
[EventDate "2014.03.27"]
[EventType "swiss"]
[EventRounds "8"]
[EventCountry "CAN"]

1. e4 c5 2. Nf3 e6 3. d4 cxd4 4. Nxd4 Nc6 5. Be3 Nf6 6. Nc3 Be7 7. Be2 a6 8.
O-O O-O 9. f4 e5 10. Nxc6 dxc6 11. fxe5 Nd7 12. Qe1 Nxe5 13. Rd1 Qa5 14. Qg3
Ng6 15. Kh1 Be6 16. a3 Qe5 17. Qxe5 Nxe5 18. h3 Rad8 19. Bb6 Rc8 20. Bf2 Rcd8
21. Bg3 Bf6 22. Na4 Be7 23. Bxe5 1-0